000 00508nam a2200193Ia 4500
003 OSt
005 20221007082800.0
006 a|||||r|||| 00| 0
007 ta
008 221006b |||||||| |||| 00| 0 eng d
024 _a23,196
037 _cDissertations
040 _aFLL
_cFLL
_beng
041 _2eng
_aeng
100 _aPandey S.
_966989
245 0 _aHuman right and prison in India with special reference to prison reform
942 _cDIS
_2CC
999 _c1167726
_d1167726